Milton Hershey : (Record no. 3029)

MARC details
000 -LEADER
fixed length control field 00925nam a22002537a 4500
001 - CONTROL NUMBER
control field 3029
003 - CONTROL NUMBER IDENTIFIER
control field FISKH
005 - DATE AND TIME OF LATEST TRANSACTION
control field 20240131133341.0
008 - FIXED-LENGTH DATA ELEMENTS--GENERAL INFORMATION
fixed length control field 240131b cb ||||| |||| 00| 0 eng d
020 ## - INTERNATIONAL STANDARD BOOK NUMBER
International Standard Book Number 9780516263304
040 ## - CATALOGING SOURCE
Original cataloging agency FISKH
Language of cataloging eng
Transcribing agency FISKH
Modifying agency FISKH
100 ## - MAIN ENTRY--PERSONAL NAME
Personal name Simon, Hershey
245 ## - TITLE STATEMENT
Title Milton Hershey :
Remainder of title Chocolate King Town Builder /
Statement of responsibility, etc. by Simon, Charnan
260 ## - PUBLICATION, DISTRIBUTION, ETC.
Place of publication, distribution, etc. New York :
Name of publisher, distributor, etc. Children's Press ,
Date of publication, distribution, etc. 1998
300 ## - PHYSICAL DESCRIPTION
Extent 42 pages :
Other physical details color illustrations ,
Dimensions 25 cm .
490 ## - SERIES STATEMENT
Series statement Community Builders
505 ## - FORMATTED CONTENTS NOTE
Formatted contents note R <br/>
520 ## - SUMMARY, ETC.
Summary, etc. Relates the story of the founder of the Hershey Chocolate Company in Hershey, Pennsylvania, known for his hard work, perseverance, and charity on behalf of young people.
521 8# - TARGET AUDIENCE NOTE
Target audience note 760 <br/><br/>
Source Lexile <br/>
521 8# - TARGET AUDIENCE NOTE
Target audience note R <br/>
Source Raz-Plus <br/>
600 ## - SUBJECT ADDED ENTRY--PERSONAL NAME
Source of heading or term Hershey, Milton Snavely
Form subdivision Juvenile Literature
610 ## - SUBJECT ADDED ENTRY--CORPORATE NAME
Source of heading or term Businessmen
Form subdivision Juvenile Literature
942 ## - ADDED ENTRY ELEMENTS (KOHA)
Source of classification or shelving scheme Dewey Decimal Classification
Koha item type Books
Suppress in OPAC No
Holdings
Withdrawn status Lost status Source of classification or shelving scheme Damaged status Not for loan Collection Home library Current library Shelving location Date acquired Total Checkouts Full call number Barcode Date last seen Price effective from Koha item type
    Dewey Decimal Classification     Non-Fiction Footprints International School Library Network Toul Kork Campus Footprints International School Library Network Toul Kork Campus   01/31/2024   SIM 338.7 HD9200.U52 FISTK03894 01/31/2024 01/31/2024 Books